Dividendová strategie – součást behaviorální ekonomie

Behaviorálna ekonómia a podniková ekonomika. Spôsoby financovania podniku. Akcie.Typy akcií. Dividendy z pohľadu behaviorálnych financií. Akciové indexy.

Uložené v:
Podrobná bibliografia
Hlavný autor: Fojtů, Kateřina
Ďalší autori: Škapa, Stanislav
Médium: Kapitola
Jazyk:Czech
Predmet:
Tagy: Pridať tag
Žiadne tagy, Buďte prvý, kto otaguje tento záznam!

MARC

LEADER 00000naa a2200000 4500
001 0198890
005 20231204135136.2
041 0 |a cze 
044 |a CZ 
245 1 0 |a Dividendová strategie – součást behaviorální ekonomie  |c Kateřina Fojtů, Stanislav Škapa 
520 |a Behaviorálna ekonómia a podniková ekonomika. Spôsoby financovania podniku. Akcie.Typy akcií. Dividendy z pohľadu behaviorálnych financií. Akciové indexy. 
610 2 0 |a dividendy 
610 2 0 |a ekonómia behaviorálna 
610 2 0 |a financovanie podnikov 
610 2 0 |a akcie 
610 2 0 |a zdroje finančné 
610 2 0 |a zdroje podnikové 
100 1 |a Fojtů, Kateřina 
700 1 |a Škapa, Stanislav